|
|
|
|
| LEADER |
00000nam a22000007a 4500 |
| 005 |
20120607141810.0 |
| 007 |
cr|||| |||| |
| 008 |
120607s2006 pe |||||s|||| 00| 0 spa d |
| 020 |
|
|
|a 9972-224-24-4
|
| 035 |
|
|
|a 6475
|
| 040 |
|
|
|a vLex
|
| 090 |
|
|
|c 3158
|d 3158
|
| 100 |
1 |
|
|a Barandiarǹ Dempwolf, Roberto
|
| 245 |
1 |
0 |
|a Jurisprudencia general comparada en el subsistema anticorrupcin̤ (Corrupcin̤ gubernamental)
|h [Recurso electrn̤ico] /
|c Roberto Barandiarǹ Dempwolf, Jos ̌Antonio Nolasco Valenzuela
|
| 256 |
|
|
|a Servicio en ln̕ea
|
| 260 |
|
|
|a Lima :
|b Palestra Editores,
|c 2006
|
| 300 |
|
|
|a 1 recurso electrn̤ico
|
| 506 |
1 |
|
|a Contenido solo disponible en los productos indicados
|d vLex Global
|d vLex Global (Academic Edition, excluding Law Schools)
|d vLex Global (U.S. Academic Edition, Law Schools)
|d vLex Global (U.S. Academic Edition, excluding Law Schools)
|d vLex Global (Academic Edition, Law Schools)
|
| 650 |
0 |
4 |
|a Jurisprudencia penal
|z Brasil
|
| 740 |
0 |
|
|a vLex Libros (Servicio en ln̕ea)
|
| 856 |
4 |
0 |
|u http://vlex.com/source/jurisprudencia-penal-subsistema-anticorrupcion-6475
|z Acceso restringido
|
| 942 |
|
|
|c BOOK
|